| 000 | 00485pab a2200169 454500 | ||
|---|---|---|---|
| 008 | 180718b2015 xxu||||| |||| 00| 0 eng d | ||
| 100 | _aChakrabarti, Suman | ||
| 245 | _aWhat is the cost of providing one rupee of support to the poor? assessing the new PDS | ||
| 260 | _c2015 | ||
| 300 | _ap.83-91. | ||
| 362 | _a26 Dec | ||
| 650 | _aPublic distribution system | ||
| 650 | _aPoverty | ||
| 700 | _aRajkhowa, Pallavi | ||
| 773 | _aEconomic and Political Weekly | ||
| 909 | _a109768 | ||
| 999 |
_c109763 _d109763 |
||